000 00544nam a2200229Ia 4500
003 OSt
005 20221007082357.0
006 a|||||r|||| 00| 0
007 ta
008 221006b |||||||| |||| 00| 0 eng d
024 _a7,872
037 _cTextual
040 _aFLL
_cFLL
_beng
041 _2eng
_aeng
082 _aZ2vN7, L8
100 _aTripathi Au.
_939155
245 0 _aIndian legal system
260 _c1978
300 _a683p
_ccm.
942 _hZ2vN7, L8
_cTEXL
_2CC
999 _c1166226
_d1166226